000 00939nas a2200313 4500
001 BR0104634
003 BR-BrBNA
005 20231205102539.0
007 ta
008 230509b bl.|||p| |||| 00| 00por d
040 _aBR-BrBNA
_bpor
_cBiblioteca Nacional de Agricultura
041 _a(Pt)
072 _aF30
100 1 _aPrado, E.E. do
100 1 _aHiromoto, D.M.
100 1 _aGodinho, V. de P.C.
100 1 _aUtumi, M.M.
100 1 _aRamalho, A.R.
245 1 _aAdaptabilidade e estabilidade de cultivares de soja em cinco epocas de plantio no cerrado de Rondonia
650 _aSoja
650 _aVariacao Genetica
650 _aMetodo de Melhoramento
650 _aRendimento
650 _aCerrado
650 _aRondonia
773 0 _tPesquisa Agropecuaria Brasileira (Brazil)
_xISSN 0100-204X
_g(Apr 2001), v. 36(4) p. 625-635
_wBR0104634
909 _a202311
_bLúcia
_c55
_dLúcia Elande
942 _2AGRIS
_n0
_cANA
999 _c168102
_d168102